00440cam a22001452 4500001001100000005001700011008004100028020001700069040001500086100003100101245004900132260003600181300001600217650006100233000000017420151217151745.0070112s xx 000 0 eng d a0333945921 : aKABUcKABU1 aHunt, Stephen.@000014825010aReligion in Western society /cStephen Hunt. aHoundsmills :bPalgrave,c2002. avii, 235 p. 0aReligion and sociologyzDeveloped countries.@0000148251